Octaua pars librorũ diui Aurelij Augustini quos episcop⁹ edidit Ad orosium presbyterũ hispanum contra priscillianistas et origenistas: liber. I. De origine anime: et de sententia iacobi apostoli/ ad beatum hieronymũ: libri. II. De correctioe donatistarũ ad bonifaciũ: liber. I. De presentia dei ad dardanum: liber. I. Contra pelagium et celestiũ de gratia christi et peccato originali: libri. II. De gestis cũ emerito donatistarũ episcopo: liber. I. Contra sermoem arrianorũ: liber. I. De nuptijs et concupiscentia ad valeriũ: libri. II. Locutionum: libri. VII. Questionum: libri. VII. De anima et eius origine: libri. IIII. De adulterinis coniugijs ad pollentiũ: libri. II. Cõtra aduersariũ legis et prophetarũ: libri. II. Contra gaudentij donatistarũ episcopi epľas: libri. II. Contra mendacium: liber. I. Contra duas epistolas pelagianorũ: libri. IIII. Contra iulianum: libri. VI. Enchiridion ad laurentiũ: liber. I. De cura pro mortuis gerenda ad paulinũ: liber. I. De octo dulcitij questionibus: liber. I. De gratia et libero arbitrio ad valentinũ: liber I. De correptione et gratia: liber. I. Retractionũ: libri. II. cum conclusionibus sine veritatibus Francisci maronis

Bibliographic Details
Main Author: Augustín, svätý, 354-430 (Author)
Corporate Author: Petri, Johann - Amerbach, Johann - Froben, Johann (Bazilej, Švajčiarsko) (Printer)
Other Authors: Petri, Johann, 1441-1511 (Printer), Amerbach, Johann, 1444-1513 (Printer, Author of introduction, etc.), Froben, Johann, 1460-1527 (Printer)
Format: Book
Language:Latin
PhysicalDescription:[402] listov 2° 33 × 23 cm
Published: [Basel] [Petri, Johann - Amerbach, Johann - Froben, Johann] [1506]
Subjects:

MARC

LEADER 00000nam a2200000 a 4500
001 vtls011703107
003 SK-MaSNL
005 20260301182017.0
008 251112s1506 sz f 001 0 lat
015 |a SNBHFA 
035 |a A68C284E-86B3-43E5-9AAA-68A566E54573 
035 |a urn:nbn:sk:snk-am3h4h3 
035 |a urn:nbn:sk:snk-am00cn9z 
040 |a SNKHF  |b slo  |c SNK  |e AACR2 
041 0 |a lat 
044 |a sz  |c CH 
072 7 |a 2-1  |x Prirodzená teológia. Náboženská filozofia  |2 konspekt 
080 |a 2‑1  |2 2011 
080 |a 2‑21  |2 2011 
080 |a 27‑426  |2 2011 
100 0 |a Augustín,  |c svätý,  |d 354-430  |4 aut  |9 166728 
245 1 0 |a Octaua pars librorũ diui Aurelij Augustini quos episcop⁹ edidit  |b Ad orosium presbyterũ hispanum contra priscillianistas et origenistas: liber. I. De origine anime: et de sententia iacobi apostoli/ ad beatum hieronymũ: libri. II. De correctioe donatistarũ ad bonifaciũ: liber. I. De presentia dei ad dardanum: liber. I. Contra pelagium et celestiũ de gratia christi et peccato originali: libri. II. De gestis cũ emerito donatistarũ episcopo: liber. I. Contra sermoem arrianorũ: liber. I. De nuptijs et concupiscentia ad valeriũ: libri. II. Locutionum: libri. VII. Questionum: libri. VII. De anima et eius origine: libri. IIII. De adulterinis coniugijs ad pollentiũ: libri. II. Cõtra aduersariũ legis et prophetarũ: libri. II. Contra gaudentij donatistarũ episcopi epľas: libri. II. Contra mendacium: liber. I. Contra duas epistolas pelagianorũ: libri. IIII. Contra iulianum: libri. VI. Enchiridion ad laurentiũ: liber. I. De cura pro mortuis gerenda ad paulinũ: liber. I. De octo dulcitij questionibus: liber. I. De gratia et libero arbitrio ad valentinũ: liber I. De correptione et gratia: liber. I. Retractionũ: libri. II. cum conclusionibus sine veritatibus Francisci maronis 
260 |a [Basel]  |b [Petri, Johann - Amerbach, Johann - Froben, Johann]  |c [1506] 
300 |a [402] listov  |c 2°  |c 33 × 23 cm 
500 |a Iniciálky vo voľnom priestore na 3 a 6 riadkov 
504 |a Text radený do dvoch stĺpcov, vnútorné a vonkajšie marginálie 
508 |a Predslov 
510 4 |a VD 16 A/4147 
546 |a Latinčina  |b Fraktúra 
550 |a Impresum doplnené z VD 16 
561 |a Proveniencia: pars 8.: Pečať Dr. E. Kadarász-ver.not. Poz. Margity Zayovej čís. 436. - Liber est mi martino a listalino donatus per dominű Michaelem ollazinum rectore [...] anno dni 1548 In vigilia [cr]uzificacionis Bte. M. Vire;  |5 SNK IB 73316/8 
561 |a Z knižnice františkánov Komárno.  |5 SNK IB 49551/8 D1 
562 |a Defekt, chýba začiatok a koniec 8. časti.  |5 SNK IB 73316/8 
562 |a Rukopisné exlibrisy: Iste liber Spectat ad Generorum Dominoum Matsiam Carolum Tallmayr. Posonsiensem Ducis Cotsaringae Spenditor. - A Supra Scripto fro donatus Cro Contra Coma roniensi Anno 1685.  |5 SNK IB 49551/8 D1 
562 |a Rukopisná poznámka na titulnom liste: Conuentus Palgocziensis Ord: F. F. Minorum A. 1735.  |5 SNK IB 49551/8 D1 
563 |a Väzba: pars 8.: pôvodná, biela hladká koža, vo väzbe zlomky tlačeného textu v latinčine, stopy po šnúrkach;  |5 SNK IB 73316/8 
563 |a Väzba: tmavožltá koža s ornamentálnou slepotlačou, dvoma kovovými sponami a textom na titule Octaua քo augustim.  |5 SNK IB 49551/8 D1 
650 0 7 |a teológia  |2 SNKPH  |9 1814 
650 0 7 |a kresťanstvo  |2 SNKPH  |9 2024 
650 0 7 |a náboženstvo  |2 SNKPH  |9 2023 
700 1 |a Petri, Johann,  |d 1441-1511  |4 prt  |9 172920 
700 1 |a Amerbach, Johann,  |d 1444-1513  |4 prt  |4 aui  |9 214875 
700 1 |a Froben, Johann,  |d 1460-1527  |4 prt  |9 52407 
700 1 |a Zaiová, Margita,  |d 1868-1937  |4 fmo  |9 186369 
700 1 |a Zaiová, Marta  |4 fmo  |9 494397 
700 1 |a Tallmayr, Matej Karol  |4 fmo  |9 555285 
710 1 |a Petri, Johann - Amerbach, Johann - Froben, Johann (Bazilej, Švajčiarsko),  |d 1502-1512  |4 prt  |9 172921 
710 1 |a Františkáni (Komárno, Slovensko)  |4 fmo  |9 305378 
752 |a Švajčiarsko  |d Bazilej 
852 |a SNK  |b Zaiova knižnica: Zay M 210/8 - pars 8  |p IB 73316/8 
852 |a snk  |b Františkáni Komárno  |p IB 49551/8 D1 
958 |a ONDV 
958 |a DA 
999 |c 852113  |d 854043 
952 |t Fr Ko 26 081/8  |a SNK  |b SNK  |c SNK_HF  |y PREZ  |7 0  |p 17A1358544  |o snkIB 49551/8 D1  |i snk2021/2604  |8 5  |0 0  |1 0  |4 0  |d 2021-04-07  |l 0  |r 2026-02-24 04:45:18  |w 2026-02-24 
952 |t Zay 210  |a SNK  |b SNK  |c SNK_HF  |y PREZ  |7 0  |p 17A1130800  |o snkIB 73316/8  |i snk2017/16516  |8 5  |0 0  |1 0  |4 0  |d 2017-07-18  |f 1  |l 0  |r 2026-02-24 04:45:18  |w 2026-02-24